[Règlement de la maison pénitentiaire cellulaire a Louvain]. (Record no. 163152)

MARC details
000 -LEADER
campo de control de longitud fija 00895nam a2200217 i 4500
001 - NÚMERO DE CONTROL
campo de control 163152
003 - IDENTIFICADOR DE NÚMERO DE CONTROL
campo de control ES-MaACL
005 - FECHA Y HORA DE LA ÚLTIMA TRANSACCIÓN
campo de control 20250719062545.0
008 - DATOS DE LONGITUD FIJA--INFORMACIÓN GENERAL
campo de control de longitud fija 050711q1859 be |||| | fre d
245 01 - MENCIÓN DEL TÍTULO
Título [Règlement de la maison pénitentiaire cellulaire a Louvain].
260 ## - PUBLICACIÓN, DISTRIBUCIÓN, ETC.
Lugar de publicación, distribución, etc. [Bruxelles :
Nombre del editor, distribuidor, etc. s.n.,
Fecha de publicación, distribución, etc. 1859]
300 ## - DESCRIPCIÓN FÍSICA
Extensión 59 p. ;
Dimensiones 24 cm.
594 ## - Nota al título y mención de responsabilidad
Nota al título y mención de responsabilidad Tít. tomado de comienzo de texto.
596 ## - NOTA AL PIE DE IMPRENTA
NOTA AL PIE DE IMPRENTA Reglamento fechado en 1859, en Bruselas.
650 #4 - PUNTO DE ACCESO ADICIONAL DE MATERIA--TÉRMINO DE MATERIA
Término de materia o nombre geográfico como elemento de entrada Establecimientos penitenciarios-
Subdivisión geográfica Bélgica.
9 (RLIN) 143325
852 ## - LOCALIZACIÓN
Ubicación ES-MaACL
Número de control de estantería D-134(5)
Nota libre - Enc. hol.
-- .- Donativo Lastres
condición física - Ejemp. sin port.
Nota libre - Enc. en un vol. facticio, formando parte de la col. facticia "Estudios penitenciarios", folletos, 1
903 ## - NOMBRE PERSONAL DE DONANTE
a Lastres y Juiz, Francisco,
d 1848-1918
q 1
e Donante
9 70504
942 ## - ELEMENTOS DE ENTRADA SECUNDARIOS (KOHA)
Fuente del sistema de clasificación o colocación Clasificación decimal universal
Tipo de ítem Koha Folleto
Holdings
Estatus retirado Estado de pérdida Fuente del sistema de clasificación o colocación Estado de daño No para préstamo Colección Biblioteca de origen Biblioteca actual Ubicación en estantería Fecha de adquisición Fuente de adquisición Total de préstamos Signatura topográfica completa Código de barras Visto por última vez Precio de reemplazo Tipo de ítem Koha
    Clasificación decimal universal     Colección de folletos Biblioteca del Ateneo de Madrid Biblioteca del Ateneo de Madrid Sala Valle Inclán 17/01/2008 Donación   D-134(5) 901170965 23/02/2023 23/02/2023 Folleto